[Event "Schleswig Holstein-ch M class"]
[Site "Schleswig Holstein"]
[Date "2012.04.02"]
[Round "4"]
[White "Hamann, Carsten"]
[Black "Mueller, Friedrich"]
[Result "0-1"]
[WhiteElo "2189"]
[BlackElo "2059"]
[PlyCount "66"]
[EventDate "2012.03.31"]
[EventType "swiss"]
[EventRounds "9"]
[EventCountry "GER"]
[SourceTitle "EXT 2022"]
[Source "ChessBase"]
[SourceDate "2021.10.06"]
[SourceVersion "1"]
[SourceVersionDate "2021.10.06"]
[SourceQuality "1"]

1. e4 e5 2. f4 exf4 3. Bc4 Nf6 4. Nc3 c6 5. Bb3 d5 6. exd5 cxd5 7. d4 Bd6 8. Qf3 Bg4 9. Qf2 0-0 10. Nge2 Bxe2 11. Nxe2 Ne4 12. Qf3 Qh4+ 13. g3 fxg3 14. hxg3 Qe7 15. 0-0 Nc6 16. c3 Rae8 17. Nf4 Bxf4 18. Bxf4 Qe6 19. Rae1 f5 20. Qd3 Na5 21. Bc2 Nc4 22. b3 Ncd6 23. a4 Kh8 24. Rf3 Rc8 25. Bxd6 Qxd6 26. c4 Rf6 27. c5 Qe6 28. Qe3 Rcf8 29. Re2 g5 30. Rg2 f4 31. gxf4 gxf4 32. Qe1 Rg6 33. Qh4 Rfg8 0-1

[Event "Schleswig Holstein-ch M 64th"]
[Site "Altenholz"]
[Date "2009.04.10"]
[Round "9"]
[White "Mueller, Friedrich"]
[Black "Michna, Christian"]
[Result "0-1"]
[WhiteElo "2122"]
[BlackElo "2286"]
[PlyCount "68"]
[EventDate "2009.04.04"]
[EventType "swiss"]
[EventRounds "9"]
[EventCountry "GER"]
[SourceTitle "CBM 129 Extra"]
[Source "ChessBase"]
[SourceDate "2009.05.05"]
[SourceVersion "2"]
[SourceVersionDate "2009.05.20"]
[SourceQuality "1"]

1. e4 c5 2. Nc3 e6 3. g3 d5 4. exd5 exd5 5. Bg2 Nf6 6. Nge2 d4 7. Ne4 Nxe4 8. Bxe4 Nd7 9. d3 Nf6 10. Bg2 Bd6 11. 0-0 0-0 12. Bg5 h6 13. Bf4 Bg4 14. Bxd6 Qxd6 15. Re1 Qd7 16. Qd2 Rae8 17. Kf1 Bh3 18. Ng1 Bxg2+ 19. Kxg2 Qd5+ 20. Kf1 Ng4 21. f3 Ne3+ 22. Kf2 Re6 23. Ne2 g5 24. c4 Qf5 25. Rh1 Rfe8 26. Ng1 Ng4+ 27. Kg2 Ne3+ 28. Kf2 Rf6 29. h3 Qe5 30. Ne2 Rfe6 31. Rae1 Qd6 32. Rhg1 Rf6 33. g4 Qh2+ 34. Rg2 Qxg2# 0-1

[Event "Schleswig Holstein-ch M 64th"]
[Site "Altenholz"]
[Date "2009.04.08"]
[Round "6"]
[White "Magnussen, Helge"]
[Black "Mueller, Friedrich"]
[Result "1-0"]
[WhiteElo "2012"]
[BlackElo "2122"]
[PlyCount "135"]
[EventDate "2009.04.04"]
[EventType "swiss"]
[EventRounds "9"]
[EventCountry "GER"]
[SourceTitle "CBM 129 Extra"]
[Source "ChessBase"]
[SourceDate "2009.05.05"]
[SourceVersion "2"]
[SourceVersionDate "2009.05.20"]
[SourceQuality "1"]

1. d4 Nf6 2. c4 e6 3. Nc3 d5 4. Bg5 Nbd7 5. e3 Be7 6. Nf3 0-0 7. Rc1 c6 8. Bd3 dxc4 9. Bxc4 h6 10. Bh4 a6 11. 0-0 b5 12. Bd3 c5 13. Bb1 cxd4 14. exd4 Bb7 15. Re1 Rc8 16. a3 Re8 17. Qd3 Nf8 18. Ne5 Nd5 19. Bxe7 Qxe7 20. Ne4 Nf4 21. Qe3 Nd5 22. Qg3 Nd7 23. Rxc8 Rxc8 24. Nxf7 Qxf7 25. Nd6 Nf4 26. Nxc8 Bxc8 27. Be4 Nb6 28. Qc3 Qd7 29. Qc5 Nbd5 30. Kh1 Bb7 31. Qa7 Qc8 32. f3 Nh5 33. Qc5 Nhf6 34. Qd6 Qf8 35. Qxe6+ Qf7 36. Qxf7+ Kxf7 37. Rc1 Ke6 38. Bg6 Kd6 39. Re1 Bc6 40. Kg1 Bd7 41. g3 Nb6 42. Bf7 Na4 43. b3 Nc3 44. Kf2 Ncd5 45. h4 h5 46. Re5 Nc3 47. Bxh5 Be6 48. a4 Bxb3 49. axb5 axb5 50. Bg6 b4 51. Bd3 Bd1 52. Rg5 b3 53. Rxg7 Nd7 54. Ke1 Bxf3 55. Kd2 Ne4+ 56. Bxe4 Bxe4 57. Kc3 Bd5 58. h5 Nf6 59. h6 Ne4+ 60. Kb2 Nf2 61. Rg6+ Kc7 62. Rg7+ Kb6 63. Rg6+ Kb7 64. Rg7+ Kb6 65. h7 Nd1+ 66. Ka3 b2 67. h8Q b1N+ 68. Kb4 1-0

[Event "Schleswig Holstein-ch VM 63rd"]
[Site "Gross Groenau"]
[Date "2008.03.20"]
[Round "6"]
[White "Jordan, Andreas"]
[Black "Mueller, Friedrich"]
[Result "1/2-1/2"]
[WhiteElo "1971"]
[BlackElo "2204"]
[PlyCount "43"]
[EventDate "2008.03.15"]
[EventType "swiss"]
[EventRounds "9"]
[EventCountry "GER"]
[SourceTitle "EXT 2010"]
[Source "ChessBase"]
[SourceDate "2010.11.25"]
[SourceVersion "1"]
[SourceVersionDate "2010.11.25"]
[SourceQuality "1"]

1. d4 Nf6 2. c4 e6 3. a3 d5 4. Nc3 Nbd7 5. cxd5 exd5 6. Bg5 Be7 7. e3 0-0 8. Nf3 c6 9. Bd3 Ne4 10. Bxe7 Qxe7 11. 0-0 f5 12. Qe2 a6 13. Rac1 Rf6 14. Nd2 Rh6 15. g3 Qg5 16. Bxe4 fxe4 17. f3 Nf6 18. fxe4 Ng4 19. Nf3 Qxe3+ 20. Qxe3 Nxe3 21. Rfe1 dxe4 22. Nxe4 1/2-1/2

[Event "Schleswig Holstein-ch VM 58th"]
[Site "Luetjenburg"]
[Date "2003.??.??"]
[Round "4"]
[White "Mueller, Friedrich"]
[Black "Hamann, Carsten"]
[Result "1/2-1/2"]
[WhiteElo "2270"]
[BlackElo "2193"]
[PlyCount "76"]
[EventDate "2003.??.??"]
[EventType "tourn"]
[EventRounds "9"]
[EventCountry "GER"]
[SourceTitle "EXT 2010"]
[Source "ChessBase"]
[SourceDate "2010.11.25"]
[SourceVersion "1"]
[SourceVersionDate "2010.11.25"]
[SourceQuality "1"]

1. e4 Nf6 2. e5 Nd5 3. d4 d6 4. f4 Bf5 5. Bd3 Bxd3 6. Qxd3 Nc6 7. c3 e6 8. Nf3 dxe5 9. fxe5 Be7 10. 0-0 Qd7 11. Nbd2 Nb6 12. Ne4 f6 13. exf6 gxf6 14. Qe2 0-0-0 15. Bh6 Rhg8 16. Rae1 Rg6 17. Bf4 Nd5 18. Nh4 Rgg8 19. Bg3 f5 20. Nc5 Bxc5 21. dxc5 Rde8 22. Be5 Rg4 23. Nf3 Reg8 24. Rf2 f4 25. Bd4 Nxd4 26. cxd4 Ne3 27. Ne5 Nxg2 28. Nxg4 Nxe1 29. Rxf4 h5 30. Qxe1 Rxg4+ 31. Rxg4 hxg4 32. Qe4 Qg7 33. Qxe6+ Kd8 34. Qd5+ Kc8 35. Qe6+ Kd8 36. Qd5+ Kc8 37. Qf5+ Kd8 38. Qd5+ Kc8 1/2-1/2

[Event "Schleswig Holstein-ch VM 58th"]
[Site "Luetjenburg"]
[Date "2003.??.??"]
[Round "2"]
[White "Mueller, Friedrich"]
[Black "Westphal, Bernd"]
[Result "0-1"]
[WhiteElo "2270"]
[BlackElo "2115"]
[PlyCount "88"]
[EventDate "2003.??.??"]
[EventType "tourn"]
[EventRounds "9"]
[EventCountry "GER"]
[SourceTitle "EXT 2010"]
[Source "ChessBase"]
[SourceDate "2010.11.25"]
[SourceVersion "1"]
[SourceVersionDate "2010.11.25"]
[SourceQuality "1"]

1. e4 e6 2. d4 d5 3. Nc3 Nf6 4. Bg5 dxe4 5. Nxe4 Nbd7 6. Nf3 Be7 7. Bxf6 Nxf6 8. Bd3 0-0 9. 0-0 c6 10. Qe2 Qc7 11. Rfe1 b6 12. Ne5 Bb7 13. Ng5 Qd6 14. Rad1 Rad8 15. Ne4 Qc7 16. Nxf6+ Bxf6 17. c3 c5 18. Ng4 Be7 19. dxc5 Qc6 20. f3 Qxc5+ 21. Nf2 g6 22. Be4 Bd5 23. Bxd5 Rxd5 24. Rxd5 Qxd5 25. c4 Qa5 26. b3 Rd8 27. Rd1 Rxd1+ 28. Nxd1 Qc5+ 29. Kf1 Qd4 30. g3 Bc5 31. Nf2 Kg7 32. Kg2 h6 33. Nh3 e5 34. Nf2 f5 35. Nd3 Bd6 36. Nf2 Kf6 37. Kf1 Bc5 38. Kg2 a5 39. Qc2 Qe3 40. Kf1 Qxf3 41. Qe2 Qxf2+ 42. Qxf2 Bxf2 43. Kxf2 e4 44. Ke3 Ke5 0-1

[Event "Schleswig Holstein-ch VM 58th"]
[Site "Luetjenburg"]
[Date "2003.??.??"]
[Round "9"]
[White "Schmidt Brauns, Rainer"]
[Black "Mueller, Friedrich"]
[Result "1/2-1/2"]
[WhiteElo "2163"]
[BlackElo "2270"]
[PlyCount "130"]
[EventDate "2003.??.??"]
[EventType "tourn"]
[EventRounds "9"]
[EventCountry "GER"]
[SourceTitle "EXT 2010"]
[Source "ChessBase"]
[SourceDate "2010.11.25"]
[SourceVersion "1"]
[SourceVersionDate "2010.11.25"]
[SourceQuality "1"]

1. d4 d5 2. c4 e6 3. Nf3 Nf6 4. g3 Be7 5. Bg2 0-0 6. Qc2 Nbd7 7. 0-0 c6 8. b3 b6 9. Nc3 Bb7 10. Rd1 Rc8 11. e4 dxe4 12. Nxe4 Nxe4 13. Qxe4 Nf6 14. Qe2 Qc7 15. Bf4 Bd6 16. Ne5 Bxe5 17. Bxe5 Qe7 18. c5 Rfd8 19. Rac1 b5 20. b4 Nd5 21. Bxd5 exd5 22. Re1 f6 23. Bd6 Qd7 24. Rc3 Re8 25. Re3 Rxe3 26. Qxe3 Rd8 27. Qe7 Bc8 28. f3 a6 29. Kf2 h6 30. Qxd7 Bxd7 31. Re7 Be8 32. g4 Kh7 33. f4 Kg6 34. f5+ Kh7 35. h4 Kg8 36. Kf3 Ra8 37. a3 Bf7 38. Rc7 Be8 39. g5 hxg5 40. hxg5 fxg5 41. Kg4 a5 42. Be5 axb4 43. Rxg7+ Kf8 44. axb4 Ra1 45. f6 Bf7 46. Bd6+ Ke8 47. Rxg5 Rg1+ 48. Bg3 Rf1 49. Re5+ Kf8 50. Kg5 Rg1 51. Re3 Rd1 52. Bd6+ Kg8 53. Rg3 Rf1 54. Be5 Kf8 55. Ra3 Rg1+ 56. Kf5 Rf1+ 57. Bf4 Rf2 58. Ke5 Re2+ 59. Be3 Be8 60. Kd6 Re1 61. Ke5 Bf7 62. Kd6 Be8 63. Bh6+ Kf7 64. Bg7 Re6+ 65. Kc7 Re4 1/2-1/2

[Event "Schleswig Holstein-chA 54th"]
[Site "Buesum"]
[Date "1999.??.??"]
[Round "5"]
[White "Dreyer, Michael"]
[Black "Mueller, Friedrich"]
[Result "1/2-1/2"]
[WhiteElo "2240"]
[BlackElo "2295"]
[PlyCount "107"]
[EventDate "1999.??.??"]
[EventType "swiss"]
[EventRounds "9"]
[EventCountry "GER"]
[SourceTitle "EXT 2001"]
[Source "ChessBase"]
[SourceDate "2000.11.22"]
[SourceVersion "1"]
[SourceVersionDate "2000.11.22"]
[SourceQuality "1"]

1. c4 e6 2. g3 d5 3. Bg2 Nf6 4. Nf3 Be7 5. 0-0 0-0 6. b3 c6 7. Bb2 Nbd7 8. d3 b6 9. Nbd2 Bb7 10. a3 c5 11. e3 Rc8 12. Ra2 Rc7 13. Qa1 Qa8 14. cxd5 Bxd5 15. e4 Bb7 16. Nc4 Rd8 17. Bc3 Nb8 18. Rd1 Ba6 19. Nfe5 Bb7 20. a4 Ne8 21. Bh3 Nd7 22. Nxd7 Rcxd7 23. Ne5 Rd6 24. Rad2 Bf6 25. f4 Bxe5 26. Bxe5 R6d7 27. Qb2 Ba6 28. Qc2 Nd6 29. Bb2 Ne8 30. f5 exf5 31. Bxf5 Re7 32. Bh3 Bc8 33. Bg2 Be6 34. d4 cxd4 35. Rxd4 Red7 36. e5 Qb8 37. Rxd7 Rxd7 38. Rxd7 Bxd7 39. Be4 h6 40. Bh7+ Kh8 41. Bd3 Qc7 42. Qf2 Be6 43. b4 Qe7 44. Qd4 Qd7 45. a5 Bf5 46. Bc4 Be6 47. Qxd7 Bxd7 48. Bxf7 Nc7 49. Bd4 bxa5 50. bxa5 a6 51. Kf2 Be6 52. Bh5 Kg8 53. Be2 Bc8 54. Bb6 1/2-1/2